• 首页
  • 本馆介绍
  • 公告通知
  • 最新文献
  • 馆藏检索
  • 电子资源
  • 读者导购
  • 参考咨询
  • 我的图书馆
  • 登录
  • 详细信息显示
  • 放入我的书架
  • 预约/预借图书
  • 作者相关作品
  • 分类相关作品
  • 丛书相关作品
  • 出版社相关作品

书目信息

  • 表格格式
  • 工作单格式
  • 卡片格式
题名:
大黄
    
 
作者: 赵永华
分册:  
出版信息: 北京   中国中医药出版社  2001.01
页数: 132页
开本: 大32开
丛书名: 药用动植物种养加工技术
单 册:
中图分类: S567.2
科图分类:
主题词: 经济作物
电子资源:
ISBN: 7-89999-051-3
000 00583nam0 2200217 45
001 0308271020
005 20030827105737.5
010    @a7-89999-051-3@d9.00元
100    @a20030827d2001 km y0chiy0120 ea
101    @achi
105    @a z 000yy
200 1  @a大黄@Ada huang@f赵永华等@Fzhao yong hua deng
210    @a北京@c中国中医药出版社@d2001.01
215    @a132页@d大32开
225 2  @a药用动植物种养加工技术
410  0 @12001 @a药用动植物种养加工技术
606 0  @a经济作物
690    @aS567.2@v3
701  0 @a赵永华
801    @aCN@b@c20030827
905    @aBZT@dS567.2@e207
    
    大黄/赵永华等.-北京:中国中医药出版社,2001.01
    132页;大32开.-(药用动植物种养加工技术)
    
    
    ISBN 7-89999-051-3:9.00元
    
●
相关链接 在五车中查询图书 在当当中查询图书 在豆瓣中查询图书


正题名:大黄     索取号:S567.2/207         预约/预借

序号 登录号 条形码 馆藏地/架位号 状态 备注
1 107387   200022171   中心书库中库/ 中库033架A面8列1层2/ [索取号:S567.2/207] 在馆    
2 107388   200022108   中心书库中库/ 中库033架A面8列1层1/ [索取号:S567.2/207] 在馆    
山东省滨州职业学院图书馆 欢迎您!
大连网信软件有限公司© 版权所有